| 000 | 01469nam a22003494a 4500 | ||
|---|---|---|---|
| 001 | ebr10046631 | ||
| 003 | CaPaEBR | ||
| 006 | m u | ||
| 007 | cr cn||||||||| | ||
| 008 | 010326s2001 enkab sb 001 0 eng | ||
| 010 | _z 2001021722 | ||
| 020 | _z0333946006 | ||
| 040 |
_aCaPaEBR _cCaPaEBR |
||
| 035 | _a(OCoLC)559516399 | ||
| 050 | 1 | 4 |
_aHF5475.S64 _bC76 2001eb |
| 082 | 0 | 4 |
_a381/.0954/091734 _221 |
| 100 | 1 | _aCrow, Ben. | |
| 245 | 1 | 0 |
_aMarkets, class and social change _h[electronic resource] : _btrading networks and poverty in rural South Asia / _cBen Crow ; with research assistance from K.A.S. Murshid ... [et al.]. |
| 260 |
_aHoundmills, Basingstoke, Hampshire ; _aNew York : _bPalgrave, _c2001. |
||
| 300 |
_axvii, 265 p. : _bill., map. |
||
| 504 | _aIncludes bibliographical references (p. 248-257) and index. | ||
| 533 |
_aElectronic reproduction. _bPalo Alto, Calif. : _cebrary, _d2013. _nAvailable via World Wide Web. _nAccess may be limited to ebrary affiliated libraries. |
||
| 650 | 0 |
_aMarkets _zSouth Asia. |
|
| 650 | 0 |
_aMerchants _zSouth Asia. |
|
| 650 | 0 |
_aRural poor _zSouth Asia. |
|
| 650 | 0 |
_aMarkets _xSocial aspects _zSouth Asia. |
|
| 650 | 0 |
_aSocial classes _zSouth Asia. |
|
| 651 | 0 |
_aSouth Asia _xEconomic conditions. |
|
| 655 | 7 |
_aElectronic books. _2local |
|
| 710 | 2 | _aebrary, Inc. | |
| 856 | 4 | 0 |
_uhttp://site.ebrary.com/lib/rucke/Doc?id=10046631 _zAn electronic book accessible through the World Wide Web; click to view |
| 999 |
_c74454 _d74454 |
||